| 000 | 00788nam a2200205Ia 4500 | ||
|---|---|---|---|
| 003 | GCL | ||
| 008 | 140319s9999 xx 000 0 ara d | ||
| 020 | _a6199814977 | ||
| 040 |
_aGCL / _cGCL |
||
| 082 | 0 | 4 |
_a962.06 _bو م |
| 100 | 1 | _aوليد عبدالناصر | |
| 245 | 1 | 0 |
_aالمسار والمصير : _bقراءة جديدة فى سيرة ثورة 23 يوليو / _cوليد عبدالناصر |
| 250 | _aالاولى | ||
| 260 |
_aالقاهرة : _bنهضة مصر للطباعة والنشر والتوزيع ، _c2002 |
||
| 300 |
_a209 ص ؛ _c19 سم |
||
| 650 | 0 | 4 | _aمصر - تاريخ - الثورات |
| 650 | 0 | 4 | _aجمال عبدالناصر - تاريخ |
| 650 | 0 | 4 | _aمصر - تاريخ - العصر الحديث - ثورة 23 يوليو 1952 |
| 942 |
_2ddc _cBK |
||
| 999 |
_c6110 _d6110 |
||